000 00308nam a2200121Ia 4500
008 190216s9999||||xx |||||||||||||| ||und||
100 _aDayal R
245 0 _aText Book Of Modern Eurupen History
260 _bPrentice Hall
_c1966
300 _a548p
650 _aWorld History-History Of Europe
942 _cBK
999 _c18882
_d18882